| 000 | 01076nas a2200349 4500 | ||
|---|---|---|---|
| 001 | BR2017001639 | ||
| 003 | BR-BrBNA | ||
| 005 | 20231205130957.0 | ||
| 007 | ta | ||
| 008 | 230509b bl.|||p| |||| 00| 00por d | ||
| 040 |
_aBR-BrBNA _bpor _cBiblioteca Nacional de Agricultura |
||
| 041 | _a(Pt) | ||
| 072 | _aP33 | ||
| 100 | 1 | _aRamos, M.R. | |
| 100 | 1 | _aFavaretto, N. | |
| 100 | 1 | _aUhlmann, A. | |
| 100 | 1 | _aDieckow, J. | |
| 100 | 1 | _aVezzani, F. | |
| 100 | 1 | _aAlmeida, L. de | |
| 245 | 1 | _aProdução de hortaliças no sistema orgânico: efeito nos atributos físicos do solo | |
| 650 | _aHORTALIÇA | ||
| 650 | _aPRODUÇÃO | ||
| 650 | _aANÁLISE DO SOLO | ||
| 650 | _aFÍSICA | ||
| 650 | _aQUALIDADE | ||
| 650 | _aMANEJO DO SOLO | ||
| 650 | _aAGRICULTURA ORGÂNICA | ||
| 773 | 0 |
_tRevista de Ciências Agrárias (Brazil) _xISSN 2177-8760 _g(Jan-Mar 2015), v. 58(1) p. 45-51 _wBR2017001639 |
|
| 856 | 4 | 0 | _uhttps://periodicos.ufra.edu.br/index.php?journal=ajaes page=issue op=archive |
| 909 |
_a202311 _bLúcia _c55 _dLúcia Elande |
||
| 942 |
_2AGRIS _n0 _cANA |
||
| 999 |
_c252393 _d252393 |
||